Statistiques concernant Monologue les visiteurs

Cliquez ici pour prendre le quiz!

Statistiques générales

  • Ce quiz a été pris 192 fois
  • Le résultat moyen est 24 sur 56

Statistiques - réponses

réponses% Correct
les
82%
les
82%
les
82%
les
82%
les
82%
les
82%
à
79%
77%
77%
77%
sont
73%
sont
73%
sont
73%
faim !
72%
J’ai
72%
la
69%
de
61%
de
61%
poulardes ?
56%
en
49%
Ces
48%
mis
40%
appétit.
39%
m’ont
39%
Qu’on
38%
pas
35%
un
35%
ripaille
34%
une
33%
avec
31%
amuse-bouche
30%
cygnes
30%
pour
30%
rôtis,
30%
bien
29%
cerf ?
28%
pâtés
28%
ventre
28%
poivrés ?
27%
plein
26%
quelques
26%
quelques
26%
bonne
24%
blancs
23%
cette
23%
saucisses ?
23%
veaux,
22%
fèves,
19%
soissons
19%
soivre,
19%
chèvre
18%
injustice !
16%
oublier
16%
porcelet,
16%
Y’a
16%
rôtie,
15%

Distribution des résultats

Percentile par nombre de réponses

% des personnes avec chaque résultat

Votre développement - résultats

Vous n’avez pas pris ce quiz